000 02294cam a2200385 i 4500
999 _c1926
_d1926
001 (Sirsi) a977212
003 OSt
005 20230217163357.0
008 160803t20152015nyua c 6 000 0 eng d
020 _a9781629912837
_q(hardcover) :
040 _aYDXCP
_beng
_cYDXCP
_dBTCTA
_dOCLCQ
_dBDX
_dRV8
_dIEP
_dUtOrBLW
_dTAE
_dKH8
_erda
042 _anbic
082 0 _a398.209489 MET
100 0 _aMetaphrog,
_eauthor,
_eartist.
245 1 4 _aHans Christian Andersen's The red shoes and other tales /
_cMetaphrog.
246 3 0 _aRed shoes and other tales.
260 _c[2015]
264 1 _aNew York :
_bPapercutz,
_c[2015]
264 4 _c©2015.
300 _a64 pages :
_bchiefly color illustrations ;
_c20 cm.
336 _atext
_btxt
_2rdacontent.
336 _astill image
_bsti
_2rdacontent.
337 _aunmediated
_bn
_2rdamedia.
338 _avolume
_bnc
_2rdacarrier.
505 0 0 _gThe
_tred shoes /
_rbased on the tale by Hans Christian Andersen --
_gThe
_tglass case /
_rMetaphrog --
_gThe
_tlittle match girl /
_rfrom the tale by Hans Christian Andersen.
520 _a"As the child of peasants, Karen grew up with a pair of simple red shoes. Then, when her parents died, Karen was adopted by a rich old woman who gave Karen a new pair of red shoes that would make princesses green with envy. This newfound wealth causes Karen to forget her humble origins and grow up to become a cruel and vain adult. Then, one day, the red shoes that sparked her greed come to life and steer Karen down a path she never would have imagined in her wildest dreams. This volume also includes Metaphrog's adaptation of the Hans Christian Andersen classic, 'The Little Match Girl' and a tale of their own invention, 'The Glass Case'"--McMillan Palgrave.
521 1 _aAges 8-12.
650 0 _aFairy tales
_zDenmark
_xAdaptations
_vComic books, strips, etc.
650 0 _aFairy tales
_vComic books, strips, etc.
650 0 _aChildren's stories, Danish
_xAdaptations
_vComic books, strips, etc.
650 0 _aChildren's stories
_vComic books, strips, etc.
700 1 _iAdaptation of (work):
_aAndersen, H. C.
_q(Hans Christian),
_d1805-1875.
_tRøde sko.
_lEnglish.
700 1 _iAdaptation of (work):
_aAndersen, H. C.
_q(Hans Christian),
_d1805-1875.
_tLille pige med svovlstikkerne.
_lEnglish.
942 _2ddc
_cNFIC